Over £1 billion investment secures future of new waterways charity (Record no. 83747)

MARC details
000 -LEADER
fixed length control field 01016cad a22002055a 4500
001 - CONTROL NUMBER
control field L154911
008 - FIXED-LENGTH DATA ELEMENTS--GENERAL INFORMATION
fixed length control field 120131e20120131xxk 000 0 eng d
035 ## - SYSTEM CONTROL NUMBER
System control number (Sirsi) u154911
041 0# - LANGUAGE CODE
Language code of text/sound track or separate title eng
110 2# - MAIN ENTRY--CORPORATE NAME
Corporate name or jurisdiction name as entry element United Kingdom
Subordinate unit Department for Environment, Food and Rural Affairs
245 00 - TITLE STATEMENT
Title Over £1 billion investment secures future of new waterways charity
Medium [electronic resource]
260 ## - PUBLICATION, DISTRIBUTION, ETC.
Date of publication, distribution, etc. 2012
490 ## - SERIES STATEMENT
Series statement DEFRA News Release
Volume/sequential designation 31 January 2012
520 ## - SUMMARY, ETC.
Summary, etc. Canal and River Trust to be launched later in 2012 will help look after the canals and rivers in England and Wales for the benefit of future generations. This charity will be a "National Trust" for the waterways and gather support from many volunteers and supporters to preserve waterways.
590 ## - LOCAL NOTE (RLIN)
Local note KA
651 #4 - SUBJECT ADDED ENTRY--GEOGRAPHIC NAME
Geographic name England and Wales
Chronological subdivision 1543-
690 ## - LOCAL SUBJECT ADDED ENTRY--TOPICAL TERM (OCLC, RLIN)
Topical term or geographic name as entry element Environment
9 (RLIN) 6238
856 40 - ELECTRONIC LOCATION AND ACCESS
Uniform Resource Identifier <a href="https://www.defra.gov.uk/news/2012/01/31/1-billion-investment-for-new-waterways-charity/">https://www.defra.gov.uk/news/2012/01/31/1-billion-investment-for-new-waterways-charity/</a>
Public note View the item free of charge at www.defra.gov.uk
942 ## - ADDED ENTRY ELEMENTS (KOHA)
Suppress in OPAC 0
Holdings
Withdrawn status Lost status Source of classification or shelving scheme Damaged status Not for loan Home library Current library Shelving location Date acquired Total Checkouts Full call number Barcode Date last seen Copy number Price effective from Koha item type
    Dewey Decimal Classification     Virtual Virtual Online 31/01/2012   ONLINE PUBLICATION 154911-2001 06/08/2019 1 06/08/2019 Journal article